| 000 | 00634nam a2200217Ia 4500 | ||
|---|---|---|---|
| 003 | OSt | ||
| 005 | 20250613104444.0 | ||
| 008 | 210210b1986 xxu||||| |||| 00| 0 eng d | ||
| 040 | _cAL | ||
| 041 | _aKannada | ||
| 082 | _aK894.3 KOMP | ||
| 100 |
_aKOMMURI VENUGOPALARAV _dಕೊಮ್ಮೂರಿ ವೇಣುಗೋಪಾಲರಾವ್ _9214793 |
||
| 245 |
_aPremakanti _bಪ್ರೇಮಕಾಂತಿ |
||
| 260 |
_aBengaluru _bPrakasha Sahitya _c1986 |
||
| 300 | _a258 | ||
| 650 |
_aSampat _9214794 |
||
| 690 |
_aKannada Fiction _9214795 |
||
| 700 |
_aSampat _dಸಂಪತ್ tr _9214796 |
||
| 906 | _a041561 | ||
| 942 |
_2ddc _cBK |
||
| 999 |
_c91363 _d91363 |
||